Statistics for Pokémon GO Trivia

Click here to take the quiz!

General Stats

  • This quiz has been taken 52 times
  • The average score is 28 of 71

Answer Stats

QuestionPokémon% Correct
The best generation 1 attack PokémonMewtwo
94%
The best generation 1 legendary attack PokémonMewtwo
94%
The strongest generation 1 PokémonMewtwo
94%
The strongest generation 1 legendary PokémonMewtwo
94%
The best generation 1 legendary stamina PokémonMewtwo
94%
The strongest generation 1 non-legendary PokémonDragonite
85%
Pokémon that can be caught from level 4 raidsSnorlax
64%
The strongest generation 2 non-legendary PokémonTyranitar
64%
Pokémon that can be caught from level 4 raidsTyranitar
64%
The best generation 2 non-legendary attack PokémonTyranitar
64%
The best generation 2 attack PokémonTyranitar
64%
The strongest generation 2 PokémonHo-Oh
61%
The strongest generation 2 legendary PokémonHo-Oh
61%
The best generation 3 legendary stamina PokémonRayquaza
61%
The best generation 3 legendary attack PokémonRayquaza
61%
The best legendary attack PokémonRayquaza
61%
The strongest generation 3 legendary PokémonKyogre or Groudon
55%
The strongest legendary PokémonKyogre or Groudon
55%
The best generation 3 non-legendary attack PokémonSlaking
55%
The strongest PokémonSlaking
55%
The best generation 3 attack PokémonSlaking
55%
The best attack PokémonSlaking
55%
The strongest generation 3 non-legendary PokémonSlaking
55%
The strongest non-legendary PokémonSlaking
55%
The best non-legendary attack PokémonSlaking
55%
The strongest generation 3 PokémonSlaking
55%
The best generation 1 legendary defense PokémonArticuno
52%
The best generation 2 legendary defense PokémonLugia
52%
The best generation 2 non-legendary stamina PokémonBlissey
48%
The best generation 2 stamina PokémonBlissey
48%
The best non-legendary stamina PokémonBlissey
48%
The best stamina PokémonBlissey
48%
The best generation 1 non-legendary stamina PokémonChansey
45%
The best generation 1 stamina PokémonChansey
45%
The best generation 2 legendary attack PokémonRaikou
45%
The best generation 2 legendary stamina PokémonEntei
42%
The best legendary stamina PokémonEntei
42%
The best generation 3 defense PokémonRegirock
33%
The best generation 3 legendary defense PokémonRegirock
33%
The best legendary defense PokémonRegirock
33%
The best generation 2 non-legendary defense PokémonShuckle
33%
The best generation 2 defense PokémonShuckle
33%
The best defense PokémonShuckle
33%
The best non-legendary defense PokémonShuckle
33%
Pokémon that can be caught from level 4 raidsGolem
30%
Pokémon that can be caught from level 3 raidsMachamp
30%
The best generation 3 non-legendary defense PokémonAggron
24%
Pokémon that can be caught from level 3 raidsAlakazam
24%
The best generation 1 non-legendary attack PokémonAlakazam
24%
Pokémon that can be caught from level 3 raidsGengar
24%
Pokémon that can be caught from level 4 raidsLapras
21%
The best generation 3 stamina PokémonWailord
15%
The best generation 3 non-legendary stamina PokémonWailord
15%
Pokémon that can be caught from level 4 raidsNidoking
12%
Pokémon that can be caught from level 4 raidsNidoqueen
12%
Pokémon that can be caught from level 2 raidsMarowak
9%
Pokémon that can be caught from level 3 raidsPorygon
9%
The best generation 1 non-legendary defense PokémonCloyster
6%
Pokémon that can be caught from level 2 raidsCloyster
6%
The best generation 1 defense PokémonCloyster
6%
Pokémon that can be caught from level 2 raidsMagneton
6%
Pokémon that can be caught from level 3 raidsNinetales
6%
Pokémon that can be caught from level 3 raidsOmastar
6%
Pokémon that can be caught from level 3 raidsScyther
6%
Pokémon that can be caught from level 1 raidsCharmeleon
3%
Pokémon that can be caught from level 1 raidsIvysaur
3%
Pokémon that can be caught from level 1 raidsMetapod
3%
Pokémon that can be caught from level 2 raidsTentacruel
3%
Pokémon that can be caught from level 1 raidsWartortle
3%
Pokémon that can be caught from level 4 raidsPoliwrath
0%
Pokémon that can be caught from level 2 raidsSandslash
0%

Score Distribution

Percentile by Number Answered

Percent of People with Each Score

Your Score History

You have not taken this quiz